000 01398nam a22002297a 4500
999 _c61624
_d61624
003 Ge_BSU
005 20240401172900.0
008 240401s2022 ge ||||| |||| 00| 0 geo d
020 _a9789941968570
041 _ageo
080 _a821.133.1=821.353.1 ბ-82
100 _aბოვუარი, სიმონ დე
_97129
245 _aგაუგებრობა მოსკოვში /
_cსიმონ დე ბოვუარი; მთარგმნელი გ. ძნელაძე; რედაქტორი შ. ნიბლაძე; გარეკანის დიზაინერი ე. ვარამაშვილი.
264 _aთბილისი :
_bსაგა,
_c2022
300 _a120 გვ. ;
_b20 სმ.
500 _aწიგნი გამოიცა ფრანგული ინსტიტუტის საგამომცემლო დახმარების პროგრამის ხელშეწყობით
653 _aმხატვრული ლიტერატურა
700 _aძნელაძე, გ.
_eმთარგმნელი
_915984
700 _aნიბლაძე, შორენა
_eრედაქტორი
_921663
700 _aვარამაშვილი, ე.
_eგარეკანის დიზაინი
_921664
942 _2udc
_cᲬᲘᲒᲜᲘ